Persephone the grateful / Joan Holub & Suzanne ... Read More
Available copies
- 1 of 1 copy available at LARL/NWRL Consortium.
Current holds
0 current holds with 1 total copy.
Show All Copies
| Location | Call Number / Copy Notes | Barcode | Shelving Location | Status | Due Date |
|---|---|---|---|---|---|
| Roseau Public Library | j HOL (Text) | 35500006435901 | Main | Available | - |
Record details
- ISBN: 9781534457409
- ISBN: 1534457402
- ISBN: 9781534457393
- ISBN: 1534457399
- Physical Description: 246 pages ; 22 cm
- Edition: First Aladdin hardcover edition, First Aladdin ... Read More
- Publisher: New York : Aladdin, 2020.
- Copyright: ℗♭2020
Content descriptions
| Summary, etc.: | "Get to know Persephone, the Queen of the ... Read More |
Search for related items by subject
| Subject: | Persephone (Greek deity) > Juvenile fiction. Goddesses, Greek > Juvenile fiction. Mythology, Greek > Juvenile fiction. Fantasy. |
| Genre: | Fantasy fiction. |
Search for related items by series
| LDR | 01557cam a2200409 i 4500 | ||
|---|---|---|---|
| 001 | 358114 | ||
| 003 | LARL_NWRL_CONSORTIUM | ||
| 005 | 20210125164614.0 | ||
| 008 | 201120t20202020nyu c 000 1 eng d | ||
| 019 | . | ‡a1139764272 ‡a1139766771 | |
| 020 | . | ‡a9781534457409 ‡q(hardcover) | |
| 020 | . | ‡a1534457402 ‡q(hardcover) | |
| 020 | . | ‡a9781534457393 ‡q(paperback) | |
| 020 | . | ‡a1534457399 ‡q(paperback) | |
| 035 | . | ‡a(OCoLC)1223030502 ‡z(OCoLC)1139764272 ‡z(OCoLC)1139766771 | |
| 040 | . | ‡aNjBwBT ‡beng ‡erda ‡cFMG ‡dFMG ‡dOCLCO ‡dTCH ‡dLE@ ‡dHBP ‡dOCLCO ‡dIUK ‡dOQX ‡dJQM ‡dOCLCQ ‡dOCLCO ‡dOCLCF ‡dEHH ‡dYDX ‡dBDX ‡dTXP ‡dGZD | |
| 082 | 0 | 4. | ‡a[Fic] ‡223 |
| 100 | 1 | . | ‡aHolub, Joan, ‡eauthor. ‡0(LARL_NWRL_CONSORTIUM)93385 |
| 245 | 1 | 0. | ‡aPersephone the grateful / ‡cJoan Holub & Suzanne Williams. |
| 250 | . | ‡aFirst Aladdin hardcover edition, First Aladdin paperback edition. | |
| 264 | 1. | ‡aNew York : ‡bAladdin, ‡c2020. | |
| 264 | 4. | ‡c℗♭2020 | |
| 300 | . | ‡a246 pages ; ‡c22 cm | |
| 336 | . | ‡atext ‡btxt ‡2rdacontent | |
| 337 | . | ‡aunmediated ‡bn ‡2rdamedia | |
| 338 | . | ‡avolume ‡bnc ‡2rdacarrier | |
| 490 | 0 | . | ‡aGoddess girls ; ‡v26 |
| 520 | . | ‡a"Get to know Persephone, the Queen of the Underworld, in this twenty-sixth Goddess Girls adventure!-- ‡cProvided by publisher | |
| 600 | 0 | 0. | ‡aPersephone ‡c(Greek deity) ‡vJuvenile fiction. |
| 650 | 0. | ‡aGoddesses, Greek ‡vJuvenile fiction. | |
| 650 | 0. | ‡aMythology, Greek ‡vJuvenile fiction. ‡0(LARL_NWRL_CONSORTIUM)173588 | |
| 650 | 0. | ‡aFantasy. ‡0(LARL_NWRL_CONSORTIUM)178184 | |
| 655 | 7. | ‡aFantasy fiction. ‡2lcgft | |
| 700 | 1 | . | ‡aWilliams, Suzanne, ‡d1953- ‡eauthor. |
| 901 | . | ‡a358114 ‡b ‡c358114 ‡tbiblio | |

Add to basket
Permalink
Disable Highlighting